Movies Quiz

Random Movies Quiz

Film Links: Brat Pack Edition Quiz Stats

 Plays Quiz not verified by Sporcle

Challenge
Share
Tweet
Score 0/34 Timer 10:00
0 Plays Today
Actor/Film Answer % Correct
Movie TitleBreakfast Club
89.1%
Actor/ActressMolly Ringwald
88%
Actor/Actress Rob Lowe
84.6%
Movie TitleSt. Elmo's Fire
83.4%
Movie TitlePretty in Pink
82.9%
Actor/Actress Emilio Estevez
81.1%
Actor/ActressAnthony Michael Hall
80%
Movie TitleSixteen Candles
79.4%
Movie Title Ferris Bueller's Day Off
79.4%
Actor/Actress Patrick Swayze
78.3%
Movie Title Dirty Dancing
77.1%
Actor/Actress Ally Sheedy
73.1%
Actor/ActressJudd Nelson
71.4%
Movie Title The Outsiders
71.4%
Movie TitleWeird Science
70.9%
Actor/ActressDemi Moore
69.1%
Actor/Actress Matthew Broderick
69.1%
Actor/Film Answer % Correct
Actor/ActressAndrew McCarthy
65.1%
Actor/Actress Jennifer Grey
65.1%
Movie Title Young Guns
47.4%
Actor/ActressRobert Downey Jr.
45.1%
Movie Title 'About Last Night...'
41.7%
Movie Title Red Dawn
39.4%
Movie TitleMannequin
36.6%
Actor/Actress Charie Sheen
34.9%
Movie Title War Games
31.4%
Actor/Actress C. Thomas Howell
26.9%
Actor/ActressJames Spader
26.3%
Movie TitleLess Than Zero
24%
Movie Title Youngblood
23.4%
Movie TitleJohnny Be Good
22.3%
Actor/ActressJami Gertz
12%
Actor/ActressPaul Gleason
4%
Actor/Actress Harry Dean Stanton
2.3%

You're not logged in!

Compare scores with friends on all Sporcle quizzes.
OR
Log In

You Might Also Like...

Show Comments

Extras

Created Dec 25, 2010SourceReportNominate
Tags:Brat Pack, common, link, poster

Top Quizzes Today


Score Distribution

Your Account Isn't Verified!

In order to create a playlist on Sporcle, you need to verify the email address you used during registration. Go to your Sporcle Settings to finish the process.

Report this User

Report this user for behavior that violates our Community Guidelines.

Details: